000 00477cam a2200193 4500
001 D8946
008 090401t1979 xxu||||| |||| 00| 0 eng d
035 _a(Sirsi) u16328
041 _aeng
050 _a692.5
110 _aDavisBelfield and Everest
_93167
245 _aSpon`s mechanical and electrical services price book 1980
250 _a11th
260 _aLondon
_bSpon
_c1979
300 _axiii. 438p. 22cm
350 _a11.75
942 _n0
948 _c04/03/1997
999 _c87415
_d87415